Memoria elevada al gobierno de S. M. en la solemne apertura de los tribunales el día 15 septiembre 1914 / (Record no. 39807)

MARC details
000 -LEADER
campo de control de longitud fija 00560nam a2200169 i 4500
001 - NÚMERO DE CONTROL
campo de control 39807
003 - IDENTIFICADOR DE NÚMERO DE CONTROL
campo de control ES-MaACL
005 - FECHA Y HORA DE LA ÚLTIMA TRANSACCIÓN
campo de control 20230912063107.0
007 - CAMPO FIJO DE DESCRIPCIÓN FÍSICA--INFORMACIÓN GENERAL
campo de control de longitud fija t|
008 - DATOS DE LONGITUD FIJA--INFORMACIÓN GENERAL
campo de control de longitud fija 030304s1914 sp ||||1| spa d
100 1# - ENTRADA PRINCIPAL--NOMBRE DE PERSONA
Nombre de persona Canido y Pardo, Senén,
Fechas asociadas al nombre 1858-1929
9 (RLIN) 176149
245 10 - MENCIÓN DEL TÍTULO
Título Memoria elevada al gobierno de S. M. en la solemne apertura de los tribunales el día 15 septiembre 1914 /
Mención de responsabilidad, etc. Senen Canido.
260 ## - PUBLICACIÓN, DISTRIBUCIÓN, ETC.
Lugar de publicación, distribución, etc. Madrid :
Nombre del editor, distribuidor, etc. La Editora,
Fecha de publicación, distribución, etc. 1914.
300 ## - DESCRIPCIÓN FÍSICA
Extensión LXII, 54 p., 10 gráf. ;
Dimensiones 23 cm.
852 ## - LOCALIZACIÓN
Ubicación ES-MaACL
Número de control de estantería F-9924
Holdings
Estatus retirado Estado de pérdida Estado de daño No para préstamo Biblioteca de origen Biblioteca actual Ubicación en estantería Fecha de adquisición Fuente de adquisición Total de préstamos Signatura topográfica completa Código de barras Visto por última vez Precio de reemplazo Tipo de ítem Koha
        Biblioteca del Ateneo de Madrid Biblioteca del Ateneo de Madrid Sala Pecera Planta 2 17/01/2008     F-9924 1041918 23/02/2023 23/02/2023 Libro impreso